Año panegyrico, ó, Sermones escogidos panegyricos, para los principales misterios de Jesu-Christo nuestro redentor, y festividades de su Santísima Madre, y santos que celebra la Iglesia. Repartidos por los meses del año / sacados de los mas clasicos autores por el padre don Pedro Diaz de Guereñu, presbytero, de la Congregacion de Clerigos Reglares de San Cayetano

Detalles Bibliográficos
Autor principal: Díaz de Guereñu, Pedro, C. R.
Otros Autores: Llera, Juan, librero
Formato: Libro
Lenguaje:Spanish
Publicado: en Madrid : en la imprenta de la viuda é hijo de Marin ; se hallará en la librería de Juan de Llera, plazuela del Angel, junto á la nevería, 1803.
Edición:Tercera edicion
Materias:
Colección:Banco de datos
Acervo:Seminario Conciliar de Nuestra Señora de Guadalupe Querétaro. Qro.. Biblioteca Florencio Rosas. Fondo Reservado
Descripción Física:6 t. ; 4°
Tema general:Homilética
Ascética
Notas:Portada tipográfica con plecas en grabado xilográfico. Título de la anteportada: Año panegyrico, ó sermones escogidos panegyricos (5718, 5724, 5729, 5732). Texto a renglón seguido con paginación en números arábigos, cornisas, signaturas y reclamos. Cada tomo con portada y paginación propias. Los t. 1-6 publicados en 1803. Paginación: t. 1 [4] h., 348 p.; t. 2 [2] h., 358 p.; t. 3 [2] h., 379; t. 4 [2] h., 368 p.; t. 5 [2] h., 364 p.; t. 6 [2] h., 350 p. Incluyen cabeceras de título con motivos florales y geométricos en grabado xilográfico. Encuadernación en piel sobre cartón (5718-5723, 5729-5731). Encuadernación en keratol con lomo en piel y cantos marmoleados (5724-5728, 6355). Encuadernación en piel sobre cartón con cantos en tono azul (5732-5735, 6354). Sello en tinta del Seminario Conciliar de Querétaro (5718-5723). Sello en tinta del Pbro. Salvador Salazar, Querétaro (5726). Sello en tinta del Presbítero Modesto Basurto (5732-5735, 6354). Daños de humedad (5720-5721). Daños de polilla (6354). Testigo entre las p. 44 y 45: recuerdo del subdiaconado de Ricardo Colín negrete, Seminario Mexicano de Misiones, noviembre de 1950 (5724). Testigo entre las p. 100 y 101: estampa de la virgen María a color en grabado litográfico con nota manuscrita al verso (5728)
LEADER 03072nam a22002410004500
035 |a 2485 
041 0 |a spa 
100 1 |a Díaz de Guereñu, Pedro, C. R. 
245 1 0 |a Año panegyrico, ó, Sermones escogidos panegyricos, para los principales misterios de Jesu-Christo nuestro redentor, y festividades de su Santísima Madre, y santos que celebra la Iglesia. Repartidos por los meses del año / sacados de los mas clasicos autores por el padre don Pedro Diaz de Guereñu, presbytero, de la Congregacion de Clerigos Reglares de San Cayetano 
250 |a Tercera edicion 
260 |a en Madrid : en la imprenta de la viuda é hijo de Marin ; se hallará en la librería de Juan de Llera, plazuela del Angel, junto á la nevería, 1803. 
300 |a 6 t. ; 4° 
500 |a Portada tipográfica con plecas en grabado xilográfico. Título de la anteportada: Año panegyrico, ó sermones escogidos panegyricos (5718, 5724, 5729, 5732). Texto a renglón seguido con paginación en números arábigos, cornisas, signaturas y reclamos. Cada tomo con portada y paginación propias. Los t. 1-6 publicados en 1803. Paginación: t. 1 [4] h., 348 p.; t. 2 [2] h., 358 p.; t. 3 [2] h., 379; t. 4 [2] h., 368 p.; t. 5 [2] h., 364 p.; t. 6 [2] h., 350 p. Incluyen cabeceras de título con motivos florales y geométricos en grabado xilográfico. Encuadernación en piel sobre cartón (5718-5723, 5729-5731). Encuadernación en keratol con lomo en piel y cantos marmoleados (5724-5728, 6355). Encuadernación en piel sobre cartón con cantos en tono azul (5732-5735, 6354). Sello en tinta del Seminario Conciliar de Querétaro (5718-5723). Sello en tinta del Pbro. Salvador Salazar, Querétaro (5726). Sello en tinta del Presbítero Modesto Basurto (5732-5735, 6354). Daños de humedad (5720-5721). Daños de polilla (6354). Testigo entre las p. 44 y 45: recuerdo del subdiaconado de Ricardo Colín negrete, Seminario Mexicano de Misiones, noviembre de 1950 (5724). Testigo entre las p. 100 y 101: estampa de la virgen María a color en grabado litográfico con nota manuscrita al verso (5728) 
504 |a Al principio de cada tomo está la tabla de sermones 
505 0 0 |a t. 1 Contiene los meses de enero y febrero.-- t. 2 Contiene los meses de marzo y abril.-- t. 3 Contiene los meses de mayo y junio.-- t. 4 Contiene los meses de julio y agosto.-- t. 5 Contiene los meses de septiembre y octubre.-- t. 6 Contiene los meses de noviembre y diciembre 
650 1 0 |a Homilética 
650 1 0 |a Ascética 
700 1 |a Llera, Juan, librero 
740 0 |a Sermones escogidos panegyricos, para los principales misterios de Jesu-Christo nuestro redentor, y festividades de su Santísima Madre, y santos que celebra la Iglesia 
949 |a Fondo Reservado: t. 1 (5718, 5724, 5729, 5732); t. 2 (5719, 5725, 5730, 5733); t. 3 (5720, 5726, 5731); t. 4 (5721, 5727, 5734); t. 5 (5722, 5728, 6354); t. 6 (5723, 5735, 6355) 
942 |c QUER-RES 
943 |g Seminario Conciliar de Nuestra Señora de Guadalupe Querétaro. Qro.. Biblioteca Florencio Rosas. Fondo Reservado 
999 |c 1110149  |d 1110149